000 00867nmc a2200301 a 4500
003 AR-BaBNM
005 20251128205108.0
008 286019s1996 ||||||||||||||000 | spa||
020 _a950-742-689-2
040 _cAR-BaBNM
100 1 _aMoreno Ocampo, Luis
245 1 0 _aCuando el poder perdió el juicio
_bcómo explicar el "Proceso" a nuestros hijos
260 _aBuenos Aires
_bPlaneta
_c1996
300 _a293 p.
_bgráfs.
490 0 _aEspejo de la Argentina
504 _aContiene bibliografía
600 0 4 _aVidela
_d1976-1981
600 0 4 _aViola
_d1981
600 0 4 _aGaltieri
_d1981-1982
650 4 _aPOLITICA
650 4 _aVIOLACION DE LOS DERECHOS HUMANOS
650 4 _aDERECHOS HUMANOS
651 4 _aArgentina
653 _aPROCESO DE REORGANIZACION NACIONAL
653 _aDICTADURA MILITAR 1976-1983
942 _cBK
998 _cEnrique
999 _c9966
_d9966